Normal view
MARC view
- GVA
Entry Corporate Name
001 - CONTROL NUMBER
- control field: 5945
003 - CONTROL NUMBER IDENTIFIER
- control field: SIRSI
005 - DATE AND TIME OF LATEST TRANSACTION
- control field: 20190806150248.0
008 - FIXED-LENGTH DATA ELEMENTS
- fixed length control field: 110513n| acannaabn |n ana d
040 ## - CATALOGING SOURCE
- Original cataloging agency: OSt
- Transcribing agency: OSt
110 2# - HEADING--CORPORATE NAME
- Corporate name or jurisdiction name as entry element: GVA
670 ## - SOURCE DATA FOUND
- Source citation: Industrial intelligence, 2011-